Welcome to the Holygrace Academy Library

Please use search bar below to get started

THE CRAB AND THE FOOLISH CROCODILE (Record no. 7046)

MARC details
000 -LEADER
fixed length control field 00342nam a22001337a 4500
020 ## - INTERNATIONAL STANDARD BOOK NUMBER
ISBN 978-93-83876-47-1
082 ## - DEWEY DECIMAL CLASSIFICATION NUMBER
Classification number 823
Item number SEB/C
100 ## - MAIN ENTRY--AUTHOR NAME
Personal name SEBASTIAN, B O
245 ## - TITLE STATEMENT
Title THE CRAB AND THE FOOLISH CROCODILE
Remainder of title MORAL STORIES
260 ## - PUBLICATION, DISTRIBUTION, ETC. (IMPRINT)
Place of publication THRISSUR
Name of publisher H & C PUBLISHING HOUSE
300 ## - PHYSICAL DESCRIPTION
Number of Pages 16
650 ## - SUBJECT ADDED ENTRY--TOPICAL TERM
Topical Term CHILDRENS STORY BOOK
Geographic subdivision INDIA
942 ## - ADDED ENTRY ELEMENTS (KOHA)
Koha item type Books
Holdings
Withdrawn status Lost status Collection code Home library Current library Shelving location Date acquired Source of acquisition Cost, normal purchase price Full call number Accession Number Koha item type
    Fiction Main Library Main Library NEW SHELF WITH NEW ENTRY 26/10/2023 purchase 30.00 823 SEB/C 13250 Books